[Event "Mechanics' Peter Grey TNM; 30/90, SD/30"]
[Site "San Francisco"]
[Date "2010.09.14"]
[Round "7.13"]
[White "Klinetobe, David"]
[Black "Abraham, Renjish"]
[Result "1/2-1/2"]
[WhiteElo "2010"]
[BlackElo "1821"]
[PlyCount "107"]
[EventDate "2010.??.??"]

1. e4 c5 2. Nf3 d6 3. d4 cxd4 4. Nxd4 Nf6 5. Nc3 g6 6. Be3 Bg7 7. f3 a6 8. Qd2
Bd7 9. O-O-O Nc6 10. Bh6 O-O 11. Bxg7 Kxg7 12. g4 h5 13. gxh5 Nxh5 14. Rg1 Qb6
15. Nce2 Rac8 16. Nxc6 Rxc6 17. Nd4 Rc5 18. Be2 Rfc8 19. Rg5 Rxg5 (19... e5)
20. Qxg5 Nf6 21. c3 Rc5 22. Qe3 Qc7 23. Rg1 b5 24. Kb1 Re5 25. Bd3 Rh5 26. f4
e5 27. Ne2 Rh3 28. Rg3 Ng4 29. Qg1 Rxg3 30. Qxg3 exf4 31. Nxf4 Ne5 32. Nd5 Qd8
33. Bc2 Be6 34. b3 Bxd5 35. exd5 Qf6 36. Be4 Qf1+ 37. Kb2 Qe2+ 38. Bc2 Qf3 39.
Qxf3 Nxf3 40. h3 Ng5 41. h4 Nf3 42. h5 g5 43. Bf5 Kh6 44. c4 Nd4 45. Bc8 b4 46.
Bxa6 g4 47. c5 dxc5 48. d6 g3 49. Bb7 Kxh5 50. Bd5 g2 51. Bxg2 Ne6 52. Kc2 Kg6
53. Kd3 Kf5 54. Kc4 {remainder missing} 1/2-1/2

[Event "Mechanics' Peter Grey TNM; 30/90, SD/30"]
[Site "San Francisco"]
[Date "2010.08.17"]
[Round "3.15"]
[White "Klinetobe, David"]
[Black "Chalissery, Jossy"]
[Result "1-0"]
[WhiteElo "2010"]
[BlackElo "1689"]
[PlyCount "115"]
[EventDate "2010.??.??"]

1. e4 b6 2. d4 Bb7 3. Bd3 e6 4. Qe2 Nf6 5. Nf3 c5 6. c3 d5 7. e5 Nfd7 8. O-O
Be7 9. Be3 Nc6 10. a3 a5 11. b3 Qc8 12. Nbd2 Ba6 13. Ne1 Bxd3 14. Nxd3 Nd8 15.
Qg4 g6 16. Rfc1 h5 17. Qg3 Nb7 18. Nf3 Qd8 19. Ng5 Nf8 20. h4 Nh7 21. Nxh7 Rxh7
22. Bg5 Bxg5 23. hxg5 Qe7 24. Qf4 h4 25. Qe3 Kd7 26. f4 Rah8 27. Qh3 Rc8 28. b4
c4 29. Ne1 a4 30. Nf3 Rch8 31. Nh2 Rc8 32. Kf2 Rhh8 33. Nf3 b5 34. Nxh4 Rh7 35.
Rh1 Rch8 36. Qg4 Nd8 37. Rh3 Qf8 38. Rah1 Qg7 39. Nf3 Nc6 40. Rxh7 Rxh7 41. Rh4
Ne7 42. Qh3 Rxh4 43. Qxh4 Nf5 44. Qh3 Ne7 45. Nh2 Kc7 46. Ng4 Kd8 47. Nf6 Ng8
48. Kf3 Nxf6 49. gxf6 Qg8 50. Qh6 Qe8 51. Qg7 Kd7 52. Kg4 Kd8 53. Kg5 Kd7 54.
Kh6 Kd8 55. Kh7 Kd7 56. Qg8 Qxg8+ 57. Kxg8 Ke8 58. Kg7 1-0

[Event "Mechanics' Peter Grey TNM; 30/90, SD/30"]
[Site "San Francisco"]
[Date "2010.09.28"]
[Round "9.12"]
[White "Klinetobe, David"]
[Black "Salvo, Tab"]
[Result "1-0"]
[WhiteElo "2010"]
[BlackElo "1738"]
[PlyCount "145"]
[EventDate "2010.??.??"]

1. e4 c5 2. Nf3 d6 3. d4 cxd4 4. Nxd4 Nf6 5. Nc3 a6 6. Bg5 e6 7. Qd3 h6 8. Bh4
Be7 9. O-O-O b5 10. a3 Bb7 11. f4 Nbd7 12. Bxf6 Nxf6 13. Be2 Rc8 14. Bf3 Qc7
15. Rhe1 O-O 16. g4 Nd7 17. Qd2 Nb6 18. Be2 d5 19. exd5 exd5 20. Nf5 Bf6 21.
Nd4 Rfd8 22. Kb1 Nc4 23. Bxc4 dxc4 24. Qe3 Qc5 25. Nf5 Qxe3 26. Rxe3 Rxd1+ 27.
Nxd1 Rc7 28. Nc3 Rd7 29. Kc1 Kh7 30. Ne4 Bxe4 31. Rxe4 g6 32. Ng3 Kg7 33. Ne2
Kf8 34. a4 Rb7 35. axb5 axb5 36. c3 Rd7 37. Kc2 Rd3 38. b3 Rh3 39. bxc4 Rxh2
40. cxb5 Bd8 41. c4 Bb6 42. Kb3 Bc5 43. Nc3 f6 44. Na4 Rh3+ 45. Kc2 Bd6 46. c5
Bb8 47. Nb6 Kf7 48. Nd7 Bc7 49. b6 Bd8 50. b7 Bc7 51. b8=Q Bxb8 52. Nxb8 Ra3
53. c6 Ra7 54. Kc3 h5 55. gxh5 gxh5 56. f5 Kg7 57. Kb4 Kh6 58. Kb5 Kg5 59. Rd4
Kxf5 60. Rd7 Ra1 61. c7 Rb1+ 62. Ka4 Rc1 63. Na6 Ke6 64. Rd8 Kf5 65. c8=Q+ Rxc8
66. Rxc8 Kg4 67. Nc5 f5 68. Rg8+ Kh4 69. Ne6 Kh3 70. Nf4+ Kh4 71. Ng2+ Kh3 72.
Kb4 Kh2 73. Kc4 1-0

[Event "Mechanics' Peter Grey TNM; 30/90, SD/30"]
[Site "San Francisco"]
[Date "2010.08.24"]
[Round "4.7"]
[White "Klinetobe, David"]
[Black "Thornally, Frank"]
[Result "0-1"]
[WhiteElo "2010"]
[BlackElo "2200"]
[PlyCount "78"]
[EventDate "2010.??.??"]

1. e4 e5 2. Nf3 Nc6 3. Bb5 a6 4. Ba4 Nf6 5. O-O Be7 6. Re1 b5 7. Bb3 d6 8. c3
O-O 9. h3 Nd7 10. d4 Bf6 11. a4 Bb7 12. axb5 axb5 13. Rxa8 Qxa8 14. Na3 b4 15.
Nc4 bxc3 16. bxc3 Re8 17. Ng5 Nd8 18. d5 Nc5 19. Be3 Bc8 20. Bxc5 Bxg5 21. Be3
Bxe3 22. Rxe3 Bd7 23. Rg3 Nb7 24. Qc1 Nc5 25. Bc2 Qd8 26. Qh6 g6 27. Ne3 Qf6
28. Ng4 Bxg4 29. Rxg4 Ra8 30. Qc1 Kg7 31. Rg3 Qf4 32. Re3 h5 33. g3 Qg5 34. h4
Qd8 35. c4 Ra5 36. Qd2 Qa8 37. Kg2 Qa7 38. Bd1 Ra2 39. Qc3 Nxe4 0-1

[Event "Mechanics' Peter Grey TNM; 30/90, SD/30"]
[Site "San Francisco"]
[Date "2010.08.03"]
[Round "1.18"]
[White "Krasnov, Steven"]
[Black "Frank, Robert"]
[Result "1-0"]
[WhiteElo "1967"]
[BlackElo "1353"]
[PlyCount "61"]
[EventDate "2010.??.??"]

1. d4 Nf6 2. Nf3 d5 3. Bf4 c5 4. e3 cxd4 5. exd4 Qb6 6. b3 Bf5 7. Bd3 Bxd3 8.
Qxd3 Nc6 9. a3 a5 10. O-O g6 11. Nc3 Bg7 12. Nb5 O-O 13. Bc7 Qa6 14. c4 Na7 15.
a4 Rac8 16. Rfe1 Rfe8 17. h3 b6 18. Rac1 Qb7 19. Be5 dxc4 20. bxc4 Nxb5 21.
axb5 e6 22. Nd2 Red8 23. Qe3 Nd7 24. Bxg7 Kxg7 25. Ne4 Nf6 26. Nxf6 Kxf6 27.
Qe5+ Ke7 28. d5 Qc7 29. Qg5+ Kd6 30. dxe6 fxe6 31. Rcd1# 1-0

[Event "Mechanics' Peter Grey TNM; 30/90, SD/30"]
[Site "San Francisco"]
[Date "2010.09.14"]
[Round "7.11"]
[White "Krasnov, Steven"]
[Black "Grey, Peter"]
[Result "1-0"]
[WhiteElo "1967"]
[BlackElo "2017"]
[PlyCount "107"]
[EventDate "2010.??.??"]

1. d4 Nf6 2. Nf3 g6 3. Bf4 Bg7 4. e3 O-O 5. h3 d6 6. c4 Nbd7 7. Nc3 c6 8. Be2
Qa5 9. O-O Re8 10. a3 e5 11. b4 Qc7 12. Bh2 Nf8 13. Rc1 N6d7 14. Qb3 Qd8 15.
Rfd1 Qe7 16. d5 c5 17. Nb5 Rd8 18. Nd2 a6 19. Nc3 f5 20. Na4 b6 21. e4 Rb8 22.
bxc5 bxc5 23. Qc3 Nb6 24. Nxb6 Rxb6 25. Rb1 Rxb1 26. Rxb1 Qc7 27. Qb2 Bh6 28.
Bd3 Bd7 29. Nf1 f4 30. Qb6 Qxb6 31. Rxb6 Bc8 32. Nd2 Bg5 33. Nb3 Be7 34. Na5
Nd7 35. Rb2 Rf8 36. Be2 Bd8 37. Nc6 Bc7 38. Ne7+ Kf7 39. Nxc8 Rxc8 40. Bg4 Rb8
41. Rxb8 Nxb8 42. g3 fxg3 43. Bxg3 Ba5 44. f4 exf4 45. Bxf4 Ke7 46. e5 dxe5 47.
Bxe5 Nd7 48. Bxd7 Kxd7 49. Kf2 Bd8 50. Kf3 h5 51. Kf4 Be7 52. Bg7 Kd6 53. Bh6
Bf6 54. Bf8+ 1-0

[Event "Mechanics' Peter Grey TNM; 30/90, SD/30"]
[Site "San Francisco"]
[Date "2010.08.17"]
[Round "3.6"]
[White "Krasnov, Steven"]
[Black "Manvelyan, Hayk"]
[Result "0-1"]
[WhiteElo "1967"]
[BlackElo "2151"]
[PlyCount "68"]
[EventDate "2010.??.??"]

1. c4 e6 2. Nf3 f5 3. d4 d5 4. e3 Nf6 5. Bd3 c6 6. O-O Bd6 7. b3 Qe7 8. Bb2 O-O
9. Qc1 Ne4 10. Ba3 Nd7 11. Bxd6 Qxd6 12. Nc3 Rf6 13. Rd1 Rh6 14. Bf1 Ng5 15. h3
Nxf3+ 16. gxf3 f4 17. exf4 Nf6 18. Qe3 Bd7 19. Qe5 Qb4 20. Rac1 Rf8 21. Ne2 Qe7
22. Ng3 Qf7 23. Re1 Nh5 24. cxd5 exd5 25. Nxh5 Rxh5 26. Qe7 Rf5 27. Qd6 Rf6 28.
Qb4 Rg6+ 29. Kh1 Qxf4 30. Bg2 Bxh3 31. Bxh3 Qh4 32. Kh2 Qxf2+ 33. Kh1 Rh6 34.
Qxf8+ Kxf8 0-1

[Event "Mechanics' Peter Grey TNM; 30/90, SD/30"]
[Site "San Francisco"]
[Date "2010.08.31"]
[Round "5.20"]
[White "Krienke, Jason"]
[Black "Chernobilskiy, Mikhail"]
[Result "1-0"]
[WhiteElo "1592"]
[BlackElo "1845"]
[PlyCount "35"]
[EventDate "2010.??.??"]

1. e4 c5 2. c3 d5 3. exd5 Qxd5 4. d4 Nc6 5. Nf3 Bg4 6. Be2 O-O-O 7. c4 Qh5 8.
h3 Nxd4 9. Nxd4 Rxd4 10. Bxg4+ Qxg4 11. Qxg4+ Rxg4 12. hxg4 e6 13. Nc3 Nf6 14.
g5 Ng4 15. Bf4 e5 16. Bg3 f5 17. gxf6 gxf6 18. O-O-O 1-0

[Event "Mechanics' Peter Grey TNM; 30/90, SD/30"]
[Site "San Francisco"]
[Date "2010.09.28"]
[Round "9.16"]
[White "Krienke, Jason"]
[Black "Dembling, Arthur"]
[Result "0-1"]
[WhiteElo "1592"]
[BlackElo "1738"]
[PlyCount "32"]
[EventDate "2010.??.??"]

1. e4 e6 2. d4 d5 3. exd5 exd5 4. Nf3 Bd6 5. Be3 Ne7 6. c4 c6 7. Nbd2 Bg4 8.
Bd3 Nd7 9. c5 Bc7 10. O-O Ng6 11. Re1 O-O 12. h3 Be6 13. b4 Nf4 14. Bxf4 Bxf4
15. Rxe6 fxe6 16. Qc2 Nf6 0-1

[Event "Mechanics' Peter Grey TNM; 30/90, SD/30"]
[Site "San Francisco"]
[Date "2010.08.03"]
[Round "1.9"]
[White "Krienke, Jason"]
[Black "Perepelitsky, Edward"]
[Result "0-1"]
[WhiteElo "1592"]
[BlackElo "2109"]
[PlyCount "54"]
[EventDate "2010.??.??"]

1. e4 c5 2. c3 d5 3. exd5 Qxd5 4. d4 e6 5. Nf3 Nf6 6. Bd3 cxd4 7. cxd4 Be7 8.
Nc3 Qd8 9. O-O O-O 10. Be3 b6 11. h3 Bb7 12. Rc1 Na6 13. Nd2 Nb4 14. Bb1 Nbd5
15. Nxd5 Qxd5 16. Nf3 Rac8 17. Qd2 Ne4 18. Qd3 f5 19. Ne1 Bb4 20. f3 Ng3 21.
Nc2 Nxf1 22. Nxb4 Qd6 23. Qxf1 Qxb4 24. b3 Rxc1 25. Qxc1 Rc8 26. Qd1 Qc3 27.
Qe2 Ba6 0-1

[Event "Mechanics' Peter Grey TNM; 30/90, SD/30"]
[Site "San Francisco"]
[Date "2010.08.17"]
[Round "3.17"]
[White "Krienke, Jason"]
[Black "Todortsev, Victor"]
[Result "0-1"]
[WhiteElo "1592"]
[BlackElo "1924"]
[PlyCount "20"]
[EventDate "2010.??.??"]

1. e4 e5 2. Nf3 Nc6 3. Bb5 Nf6 4. Nc3 Bc5 5. O-O d6 6. d4 exd4 7. Nxd4 Bd7 8.
Be3 Ng4 9. Qf3 Nxd4 10. Bxd7+ Qxd7 0-1

[Event "Mechanics' Peter Grey TNM; 30/90, SD/30"]
[Site "San Francisco"]
[Date "2010.09.14"]
[Round "7.1"]
[White "Lee, Andy"]
[Black "Lopez, Jorge"]
[Result "1-0"]
[WhiteElo "2324"]
[BlackElo "2190"]
[PlyCount "53"]
[EventDate "2010.??.??"]

1. e4 d5 2. exd5 Qxd5 3. Nc3 Qd6 4. d4 c6 5. Bc4 g6 6. Nge2 Nf6 7. Bf4 Qb4 8.
Bb3 Bg7 9. Qd2 e6 10. O-O-O a5 11. a3 Qe7 12. Ng3 Nd5 13. Bg5 f6 14. Nxd5 cxd5
15. Bf4 a4 16. Bxd5 exd5 17. Rhe1 Be6 18. Rxe6 Qxe6 19. Re1 Qxe1+ 20. Qxe1+ Kf7
21. Qb4 Nc6 22. Qxb7+ Ne7 23. Bd6 Rae8 24. Ne2 Bh6+ 25. Kb1 Ke6 26. Bc5 Bf8 27.
Nf4+ 1-0

[Event "Mechanics' Peter Grey TNM; 30/90, SD/30"]
[Site "San Francisco"]
[Date "2010.08.24"]
[Round "4.1"]
[White "Lee, Andy"]
[Black "Shakhnazarov, Oleg"]
[Result "1-0"]
[WhiteElo "2324"]
[BlackElo "2175"]
[PlyCount "103"]
[EventDate "2010.??.??"]

1. e4 e5 2. Nf3 Nc6 3. Bb5 a6 4. Ba4 Nf6 5. O-O Be7 6. Re1 b5 7. Bb3 d6 8. c3
O-O 9. h3 Na5 10. Bc2 d5 11. d4 dxe4 12. Nxe5 Bb7 13. Nd2 Bd6 14. b4 Nc6 15.
Nxc6 Bxc6 16. Nxe4 Nxe4 17. Bxe4 Bxe4 18. Rxe4 f5 19. Re6 Qd7 20. Qb3 Kh8 21.
Bb2 f4 22. f3 a5 23. Rae1 Qc6 24. a3 a4 25. Qc2 Qc4 26. Qe4 Rad8 27. Kh2 c6 28.
h4 Qd5 29. Qxd5 cxd5 30. h5 h6 31. Rg6 Rf5 32. Ree6 Rxh5+ 33. Kg1 Bf8 34. Rb6
Be7 35. Bc1 Rf5 36. Rge6 Bh4 37. Rxb5 Bg3 38. Bd2 Rh5 39. c4 Bh2+ 40. Kf1 Bg3
41. Rxd5 Rh1+ 42. Ke2 Rf8 43. Kd3 Ra1 44. Rd7 Rxa3+ 45. Bc3 Bh4 46. c5 Rb3 47.
Ra7 Rd8 48. Kc4 Bf6 49. Rxa4 Rb1 50. Ra1 Rxd4+ 51. Bxd4 Rxa1 52. Bxa1 1-0

[Event "Mechanics' Peter Grey TNM; 30/90, SD/30"]
[Site "San Francisco"]
[Date "2010.08.10"]
[Round "2.1"]
[White "Lee, Andy"]
[Black "Urquhart, Joe"]
[Result "1-0"]
[WhiteElo "2324"]
[BlackElo "2028"]
[PlyCount "35"]
[EventDate "2010.??.??"]

1. e4 c5 2. Nf3 d6 3. c3 e6 4. d4 cxd4 5. cxd4 Nf6 6. Nc3 a6 7. Bd3 Be7 8. O-O
Nc6 9. Qe2 e5 10. d5 Nb8 11. h3 Nbd7 12. Be3 O-O 13. Nd2 Nxe4 14. Ndxe4 f5 15.
Rac1 b5 16. b4 fxe4 17. Nxe4 Bb7 18. Rfd1 {Black's flag fell} 1-0

[Event "Mechanics' Peter Grey TNM; 30/90, SD/30"]
[Site "San Francisco"]
[Date "2010.09.21"]
[Round "8.1"]
[White "Lee, Andy"]
[Black "Zavadsky, Peter"]
[Result "0-1"]
[WhiteElo "2324"]
[BlackElo "2251"]
[PlyCount "98"]
[EventDate "2010.??.??"]

1. e4 e5 2. Nf3 Nc6 3. Bb5 a6 4. Ba4 Nf6 5. O-O Be7 6. Re1 b5 7. Bb3 O-O 8. h3
Bb7 9. d3 d6 10. a3 Na5 11. Ba2 c5 12. Nc3 b4 13. Nd5 bxa3 14. Nxe7+ Qxe7 15.
bxa3 Bc8 16. Bg5 Be6 17. Bd5 Rab8 18. Qd2 Rb5 19. Re3 Bxd5 20. exd5 c4 21. Nd4
Rxd5 22. Nf5 Qe6 23. Nxg7 Kxg7 24. Bh6+ Kh8 25. Bxf8 Nd7 26. Rg3 Nxf8 27. Qg5
Ng6 28. Re1 cxd3 29. cxd3 Nc6 30. Re4 Rd4 31. h4 Rxe4 32. dxe4 Nd4 33. Kh2 Qe7
34. Rc3 Kg7 35. Rc8 Qb7 36. Re8 Qxe4 37. h5 h6 38. Qe3 Qh4+ 39. Qh3 Qxh3+ 40.
gxh3 Nf4 41. Ra8 Nde2 42. Rxa6 d5 43. a4 d4 44. Rd6 d3 45. a5 Nd4 46. Rb6 Nd5
47. Rb1 Nc3 48. Rg1+ Kf6 49. a6 Ndb5 0-1

[Event "Mechanics' Peter Grey TNM; 30/90, SD/30"]
[Site "San Francisco"]
[Date "2010.09.28"]
[Round "9.20"]
[White "Litowsky, Daniel"]
[Black "Bertot, German"]
[Result "0-1"]
[WhiteElo "1700"]
[BlackElo "1551"]
[PlyCount "68"]
[EventDate "2010.??.??"]

1. e4 e5 2. Nc3 Nf6 3. Bc4 Nc6 4. a3 Bc5 5. h3 a6 6. d3 d6 7. Bg5 h6 8. Bh4 Be6
9. Nd5 g5 10. Bg3 Bxd5 11. exd5 Nd4 12. Nf3 Nf5 13. Bh2 Qd7 14. Qe2 O-O-O 15.
O-O-O Rhe8 16. Nd2 Nd4 17. Qe1 Nh5 18. Ne4 Qa4 19. Qd2 Bb6 20. Rhe1 f5 21. Nc3
Qd7 22. g3 Nf3 23. Qe2 Nxe1 24. Qxh5 Bxf2 25. Qe2 Nxd3+ 26. Bxd3 Bd4 27. Nb1 f4
28. g4 e4 29. Bxe4 Be3+ 30. Qxe3 fxe3 31. Bf5 Qxf5 32. gxf5 Rf8 33. Re1 Rxf5
34. Rxe3 Rf1+ 0-1

[Event "Mechanics' Peter Grey TNM; 30/90, SD/30"]
[Site "San Francisco"]
[Date "2010.09.14"]
[Round "7.16"]
[White "Litowsky, Daniel"]
[Black "Kleiman, Charles"]
[Result "0-1"]
[WhiteElo "1700"]
[BlackElo "1851"]
[PlyCount "76"]
[EventDate "2010.??.??"]

1. e4 d5 2. exd5 Qxd5 3. Nf3 e5 4. Nc3 Qd6 5. Bc4 Be7 6. d3 h6 7. O-O Bg4 8. h3
Bh5 9. Ne4 Qg6 10. Ng3 Nc6 11. Nxh5 Qxh5 12. Be3 O-O-O 13. c3 f5 14. b4 e4 15.
Nd4 Qxd1 16. Raxd1 Nxd4 17. Bxd4 Rxd4 18. cxd4 Bxb4 19. Be6+ Kb8 20. Bxf5 exd3
21. Rxd3 Nf6 22. Rb1 Bd6 23. f3 Re8 24. Kf2 c6 25. Bg6 Rf8 26. Re1 Kc7 27. a4
a5 28. Rb3 Bb4 29. Re2 Rd8 30. Rd3 Nd5 31. g3 Nc3 32. Re8 Nxa4 33. Rxd8 Kxd8
34. Bf7 Nc3 35. d5 c5 36. d6 b5 37. d7 c4 38. Rd2 Ne4+ 0-1

[Event "Mechanics' Peter Grey TNM; 30/90, SD/30"]
[Site "San Francisco"]
[Date "2010.08.03"]
[Round "1.5"]
[White "Litowsky, Daniel"]
[Black "Lopez, Jorge"]
[Result "0-1"]
[WhiteElo "1700"]
[BlackElo "2190"]
[PlyCount "64"]
[EventDate "2010.??.??"]

1. e4 c5 2. Nc3 a6 3. a3 g6 4. Bc4 e6 5. d3 b5 6. Bb3 Nc6 7. Nf3 Bg7 8. O-O Qc7
9. Be3 Nd4 10. Bxd4 cxd4 11. Ne2 Qc5 12. Qd2 Ne7 13. Qb4 Qxb4 14. axb4 Nc6 15.
c3 dxc3 16. bxc3 Bb7 17. d4 O-O 18. Rfe1 Ne7 19. Nf4 f5 20. e5 Bh6 21. Ne2 Rfc8
22. Red1 Nd5 23. Bxd5 Bxd5 24. Ne1 Bb3 25. Rdb1 Bc4 26. Nc1 Bd2 27. Nb3 Bxc3
28. Nc5 Bxd4 29. Rxa6 Rxa6 30. Nxa6 Bxe5 31. Nc5 d6 32. Ncd3 Bd4 0-1

[Event "Mechanics' Peter Grey TNM; 30/90, SD/30"]
[Site "San Francisco"]
[Date "2010.08.17"]
[Round "3.16"]
[White "Litowsky, Daniel"]
[Black "Sanguinetti, George"]
[Result "1-0"]
[WhiteElo "1700"]
[BlackElo "1940"]
[PlyCount "116"]
[EventDate "2010.??.??"]

1. e4 g6 2. d4 d6 3. Bc4 c6 4. Be3 Bg7 5. c3 b6 6. Nf3 Ba6 7. Bxa6 Nxa6 8. Qa4
Qc8 9. Nbd2 Nh6 10. h3 O-O 11. O-O b5 12. Qb3 Nc7 13. Nh2 Qe6 14. f4 f5 15.
Qxe6+ Nxe6 16. e5 d5 17. a4 a6 18. b4 Nc7 19. Rf2 e6 20. Nb3 Kf7 21. Nf3 Ke7
22. Nc5 Nf7 23. Rfa2 h6 24. Nh4 Nh8 25. Kh2 Rg8 26. Nf3 Nf7 27. h4 Bf8 28. axb5
Nxb5 29. Bd2 Bg7 30. Rxa6 Nc7 31. Rxa8 Rxa8 32. Rxa8 Nxa8 33. Kh3 Nd8 34. g4
Nb6 35. gxf5 gxf5 36. h5 Nd7 37. Nd3 Nf7 38. Be1 Kd8 39. Nd2 Bf8 40. c4 dxc4
41. Nxc4 Kc7 42. Nc5 Nd8 43. Bh4 Nxc5 44. Bxd8+ Kxd8 45. dxc5 Kd7 46. Nd6 Be7
47. Kg3 Bf8 48. Kf3 Be7 49. Ke3 Bf8 50. Kd3 Be7 51. Kc4 Bh4 52. Kd3 Be7 53. Nf7
Bf8 54. Kc4 Kc7 55. b5 cxb5+ 56. Kxb5 Kb7 57. Nd8+ Kc8 58. Nxe6 Be7 1-0

[Event "Mechanics' Peter Grey TNM; 30/90, SD/30"]
[Site "San Francisco"]
[Date "2010.08.31"]
[Round "5.17"]
[White "Litowsky, Daniel"]
[Black "Wang, Yuan"]
[Result "0-1"]
[WhiteElo "1700"]
[BlackElo "1909"]
[PlyCount "44"]
[EventDate "2010.??.??"]

1. e4 c5 2. Nc3 Nc6 3. Bc4 e6 4. a3 Nge7 5. Nf3 g6 6. d3 Bg7 7. O-O O-O 8. Bg5
a6 9. Qd2 Nd4 10. Nxd4 Bxd4 11. Nd1 b5 12. Bb3 Bb7 13. c3 Bg7 14. f4 h6 15. Bh4
d5 16. exd5 exd5 17. Nf2 Qd7 18. Rae1 Nf5 19. Bg3 h5 20. Nh3 d4 21. Bf2 Qc6 22.
Bg3 h4 0-1

[Event "Mechanics' Peter Grey TNM; 30/90, SD/30"]
[Site "San Francisco"]
[Date "2010.08.10"]
[Round "2.5"]
[White "Lopez, Jorge"]
[Black "Krasnov, Steven"]
[Result "0-1"]
[WhiteElo "2190"]
[BlackElo "1967"]
[PlyCount "151"]
[EventDate "2010.??.??"]

1. b4 Nf6 2. Bb2 e5 3. Bxe5 Bxb4 4. a3 Be7 5. Nf3 c5 6. c4 Nc6 7. Bb2 O-O 8. d3
d5 9. Nbd2 Bf5 10. g3 d4 11. Bg2 Qc7 12. O-O Rad8 13. Re1 Rfe8 14. Qa4 Bd6 15.
Rab1 a6 16. Ba1 Rb8 17. Nh4 Bg4 18. Rxb7 Qxb7 19. Bxc6 Bd7 20. Bxb7 Bxa4 21.
Bxa6 Rb6 22. Bb5 Bxb5 23. cxb5 Rxb5 24. Nc4 Bc7 25. Nf5 Reb8 26. Kg2 Nd5 27. e3
g6 28. e4 Rb1 29. Bxd4 cxd4 30. Rxb1 Rxb1 31. Nxd4 Nb6 32. Nd2 Rd1 33. N4b3 Bd6
34. Kf3 Bxa3 35. Ke2 Rg1 36. h4 Bb4 37. Nf1 f5 38. exf5 gxf5 39. Nd4 f4 40. Nf3
Rg2 41. h5 fxg3 42. Nxg3 Nd5 43. Kf1 Nf4 44. Nh4 Rh2 45. Nf3 Rh3 46. Ng5 Rh4
47. Nf3 Rg4 48. Nf5 Bf8 49. d4 Nd5 50. Ke2 Rf4 51. N5h4 Be7 52. Ng2 Rg4 53.
Nge1 Bf6 54. Kd3 Kg7 55. Kc4 Nf4 56. Nc2 Nxh5 57. Kc5 Rf4 58. Nfe1 Rxf2 59. d5
Kf7 60. Kc4 Ke7 61. Nb4 Kd7 62. Ned3 Rf1 63. Nc5+ Kd6 64. Nbd3 Ng7 65. Ne4+ Kd7
66. Ndc5+ Kd8 67. Nb7+ Kc8 68. Nbd6+ Kc7 69. Nb5+ Kd8 70. d6 Rf4 71. Kd5 Rf5+
72. Kc6 Rf1 73. Na7 Ne8 74. Kd5 Rf5+ 75. Kc4 Kd7 76. Nb5 0-1

[Event "Mechanics' Peter Grey TNM; 30/90, SD/30"]
[Site "San Francisco"]
[Date "2010.09.21"]
[Round "8.3"]
[White "Lopez, Jorge"]
[Black "Rumph, Todd"]
[Result "0-1"]
[WhiteElo "2190"]
[BlackElo "2013"]
[PlyCount "74"]
[EventDate "2010.??.??"]

1. d4 d5 2. c4 dxc4 3. Nc3 a6 4. a4 e5 5. e3 Nc6 6. Nf3 Nf6 7. Bxc4 exd4 8.
exd4 Bg4 9. O-O Be7 10. h3 Bxf3 11. Qxf3 Qxd4 12. Bxa6 Rxa6 13. Nb5 Qd7 14. Rd1
Bd6 15. Bf4 O-O 16. Nxc7 Nd4 17. Rxd4 Qxc7 18. Rc1 Qb8 19. Rxd6 Rxd6 20. Bxd6
Qxd6 21. Qxb7 h6 22. a5 Kh7 23. Rc6 Qd2 24. Qb5 Qe1+ 25. Kh2 Qxf2 26. Qd3+ Kg8
27. b4 Re8 28. b5 Qf4+ 29. Qg3 Qf1 30. b6 Re1 31. Qb8+ Kh7 32. Rxf6 gxf6 33.
Qc7 Qg1+ 34. Kg3 Re3+ 35. Kh4 Qf2+ 36. Kh5 Qf5+ 37. Kh4 Qg5# 0-1

[Event "Mechanics' Peter Grey TNM; 30/90, SD/30"]
[Site "San Francisco"]
[Date "2010.08.24"]
[Round "4.8"]
[White "Lopez, Jorge"]
[Black "Todortsev, Victor"]
[Result "1-0"]
[WhiteElo "2190"]
[BlackElo "1924"]
[PlyCount "95"]
[EventDate "2010.??.??"]

1. d4 d5 2. e3 Nf6 3. Bd3 Bg4 4. f3 Bh5 5. g4 Bg6 6. Ne2 e6 7. Nf4 Bb4+ 8. c3
Bd6 9. Qe2 Nbd7 10. e4 dxe4 11. fxe4 e5 12. g5 exf4 13. gxf6 Qxf6 14. O-O O-O-O
15. Qg4 h5 16. Qf3 Qh4 17. Bxf4 Bxf4 18. Qxf4 Qxf4 19. Rxf4 Ne5 20. Be2 Nd7 21.
Nd2 f6 22. Kf2 Bf7 23. h4 Be6 24. Rg1 Rdg8 25. d5 Bf7 26. Nf3 a6 27. c4 Kd8 28.
e5 Be8 29. e6 Nf8 30. Bd3 Ke7 31. Nd4 g6 32. c5 Nh7 33. Rf3 f5 34. Ne2 Nf6 35.
Nf4 Ng4+ 36. Kg3 Kf6 37. Nh3 c6 38. d6 Ne5 39. Ng5 Nxf3 40. Kxf3 Rg7 41. Re1 a5
42. Kf4 Rhg8 43. Bc4 Rh8 44. e7 Bd7 45. Be6 Rxe7 46. dxe7 Kxe7 47. Bxf5+ Kd8
48. Nf7+ 1-0

[Event "Mechanics' Peter Grey TNM; 30/90, SD/30"]
[Site "San Francisco"]
[Date "2010.09.07"]
[Round "6.2"]
[White "Lopez, Jorge"]
[Black "Traub, Igor"]
[Result "1-0"]
[WhiteElo "2190"]
[BlackElo "2124"]
[PlyCount "61"]
[EventDate "2010.??.??"]

1. d4 f5 2. g3 Nf6 3. Bg2 e6 4. Nh3 d5 5. O-O Bd6 6. c4 c6 7. Nc3 O-O 8. f3 e5
9. cxd5 cxd5 10. dxe5 Bxe5 11. f4 Bxc3 12. bxc3 Ne4 13. Qd3 b6 14. c4 Ba6 15.
Qxd5+ Qxd5 16. cxd5 Bxe2 17. Re1 Bc4 18. Ba3 Rd8 19. d6 Nc6 20. Rac1 b5 21. Ng5
Nd4 22. Nxe4 fxe4 23. Kf2 a5 24. Rxe4 Bxa2 25. Rxd4 Rab8 26. Bc5 b4 27. Ba7 b3
28. Bd5+ Kf8 29. Rc7 Rxd6 30. Bc5 Rbd8 31. Be6 1-0

[Event "Mechanics' Peter Grey TNM; 30/90, SD/30"]
[Site "San Francisco"]
[Date "2010.08.24"]
[Round "4.27"]
[White "MacIntyre, Brendan"]
[Black "Capdeville, Barry"]
[Result "1-0"]
[WhiteElo "1676"]
[BlackElo "1334"]
[PlyCount "43"]
[EventDate "2010.??.??"]

1. d4 Nf6 2. c4 c5 3. d5 d6 4. Nc3 e6 5. e4 e5 6. f4 Be7 7. Be2 exf4 8. Bxf4
O-O 9. Nf3 Bg4 10. O-O Nbd7 11. Qc2 Bxf3 12. Bxf3 Ne5 13. Bxe5 dxe5 14. Rad1
Bd6 15. Rd3 Qd7 16. Bd1 Ng4 17. Rg3 Nf6 18. Rxf6 Be7 19. Rh6 Kh8 20. Rhh3 f5
21. exf5 Rxf5 22. Bg4 1-0

[Event "Mechanics' Peter Grey TNM; 30/90, SD/30"]
[Site "San Francisco"]
[Date "2010.08.10"]
[Round "2.25"]
[White "MacIntyre, Brendan"]
[Black "Delaney, Will"]
[Result "0-1"]
[WhiteElo "1676"]
[BlackElo "1838"]
[PlyCount "60"]
[EventDate "2010.??.??"]

1. d4 Nf6 2. c4 g6 3. Nc3 Bg7 4. e4 d6 5. Be2 Nc6 6. Nf3 O-O 7. O-O e5 8. d5
Ne7 9. a3 Kh8 10. b4 Nfg8 11. c5 f5 12. Ra2 f4 13. cxd6 cxd6 14. Rc2 a6 15. b5
a5 16. Bb2 Nh6 17. Qa1 Nf7 18. Nd2 g5 19. f3 h5 20. Nc4 Bd7 21. a4 g4 22. Ba3
Ng6 23. Nxd6 Nxd6 24. Nd1 g3 25. h3 Bxh3 26. Bxd6 Qh4 27. Bc4 Bd7 28. Re1 Qh2+
29. Kf1 Qh1+ 30. Ke2 Qxg2+ 0-1

[Event "Mechanics' Peter Grey TNM; 30/90, SD/30"]
[Site "San Francisco"]
[Date "2010.09.07"]
[Round "6.16"]
[White "MacIntyre, Brendan"]
[Black "Klinetobe, David"]
[Result "0-1"]
[WhiteElo "1676"]
[BlackElo "2010"]
[PlyCount "92"]
[EventDate "2010.??.??"]

1. d4 Nf6 2. c4 e6 3. Nc3 Bb4 4. Nf3 b6 5. e3 Bb7 6. Bd3 O-O 7. O-O d5 8. a3
Bd6 9. Nb5 Be7 10. b4 a6 11. Nc3 dxc4 12. Bxc4 a5 13. b5 Nd5 14. Nxd5 Bxd5 15.
Bxd5 Qxd5 16. a4 c6 17. Rb1 Bb4 18. Bd2 cxb5 19. Bxb4 axb4 20. Rxb4 Rxa4 21.
Rxa4 bxa4 22. Qxa4 b5 23. Qc2 b4 24. Rb1 Nc6 25. e4 Nxd4 26. exd5 Nxc2 27. dxe6
fxe6 28. Nd2 Rd8 29. Nb3 Kf7 30. Kf1 e5 31. Nc5 Rd5 32. Nb3 Ke6 33. Rb2 Nd4 34.
Nd2 Rc5 35. f3 Rc1+ 36. Kf2 Rc2 37. Rxc2 Nxc2 38. Ke2 Kd5 39. g3 Kd4 40. Kd1
Kd3 41. Nb3 Nd4 42. Nd2 b3 43. h4 b2 44. g4 Nxf3 45. Nb1 e4 46. h5 e3 0-1